Statistiken für Weltführer nach Ländern (1980er) - Bildquiz

Klicken Sie hier um das Quiz zu spielen!

Allgemein

  • Dieses Quiz wurde 78 mal gespielt
  • Das Durchschnittsergebnis liegt bei 14 aus 21

Antwortstatistiken

Antwort% Korrekt
Sowjetunion
97%
Vereinigte Staaten
96%
Vereinigtes Königreich
94%
Iran
88%
Kuba
88%
Vatikan-Stadt
86%
Frankreich
81%
West Deutschland
81%
Vereinigte Staaten
77%
Ost Deutschland
75%
Indien
74%
Irak
70%
Nordkorea
65%
Indonesien
62%
Ägypten
48%
Libyen
46%
Rumänien
43%
China
42%
Philippinen
42%
Demokratische Republik Kongo
36%
Chile
32%

Verteilung der Resultate

Perzentil nach korrekt beantworteten Fragen

Anzahl Personen mit jedem Resultat

Ihre Resultats-Entwicklung

Sie haben dieses Quiz noch nicht gespielt